000 01110cam a2200301 a 4500
001 1245
005 20231123100126.0
020 _a9780439883764 (hardcover : alk. paper)
020 _a9780439883801
040 _aDLC
_cDLC
_dDLC
_beng
050 0 0 _aPZ7.P9246
_bGat 2009.
082 0 0 _a843.92
_222
100 1 _aPrévost, Guillaume
245 1 4 _aThe gate of days /
_cGuillaume Prévost ; translated by William Rodarmor.
250 _aArthur A. Levine Books hardcover ed.
260 _aNew York :
_bScholastic,
_c2009
300 _a249 pages :
_c20 cm
490 0 _aThe Book of Time ;
_v2
505 _aS
520 _aWhile seeking the seven magical coins that will allow him to reach his father, who is trapped in the castle of Vlad Tepes, Sam Faulkner travels to such places as ancient Delphi, a Stone Age cave, and 1930s Chicago.
521 _a800
_bLexile
521 _aS
_bRaz-Plus
650 1 _aTime travel
_vFiction.
650 1 _aMissing persons
_vFiction.
700 1 _aRodarmor, William
_etranslator
906 _a7
_bcbc
_corignew
_d1
_eecip
_f20
_gy-gencatlg
942 _2ddc
_cBK
_n0
999 _c1245
_d1245